000 00794nam a2200217Ia 4500
008 0000002008 ve a 0000000000spa00
020 _a9789806904088
090 _aPSP00 V14m
100 1 _aValdés, Manolo
_d1942
245 1 0 _aManolo Valdés
_b: esculturas y pinturas
_c/ traducción Mercedes Alonso
300 _a130 p .
_c/ 29 cm.
500 _aExposición realizada en Galería Freites, Caracas, Abril 6 Mayo 25, 2008 \ Registro auspiciado por la FGAA. Bogotá
600 0 0 _aVALDES, MANOLO, 1942/
_xTRABAJOS ARTISTICOS
650 1 4 _aARTE CONTEMPORANEO ESPAÑOL
650 1 4 _xCATALOGOS
650 1 4 _aESCULTURA ESPAÑOLA
650 1 4 _xEXPOSICIONES
650 1 4 _aPINTURA ESPAÑOLA
700 1 _aAlonso, Mercedes, tr.
999 _c9770
_d9770
260 _aCaracas : Galería Freites
_c2008